000 00668nam a22002417a 4500
003 UA-OsUOA
001 68763
007 ta
008 20100517b un ||||| |||| 00| 0 ukr d
100 _aБойцун Л.
090 _a94(477.84)
_bБ77
942 _cBK
040 _aUA-OsUOA
_bukr
_cUA-OsUOA
_dUA-OsUOA
245 _aТернопіль у плині літ
_bІсторико-краєзнавчі замальовки
300 _a392 с.
955 _a2
041 _aukr
080 _a94(477.84)
020 _a966-8017-50-1
260 _aДжура
_c2003
650 7 _a9 Географія. Біографії. Історія
_2UDC
999 _c355021
_d355021